000 00432nam a2200181Ia 4500
001 22332
005 20260414150824.0
008 260414t2015||||xx |||||||||||||| ||spa||
041 _aESP
082 _a621.317
_bR26
100 _aRashid, Muhammad H.
_eAUT
245 0 _aElectrónica de potencia
_b
260 _c2015
300 _avarias paginaciones :
_c26 cm.
650 _aTCA
654 _aCET
942 _cLIB
_dJUS
_fJUS
_2ddc
_n
999 _c22332
_d22332